000 00301cam a22000977a 4500
008 180718b-- xxu||||| |||| 00| 0 eng d
082 _aA42x5444
100 _aMysore Finance Department
245 _aMysore act, ardinances and orders under the constitution by Governer
260 _aBangalore
_bThe author
_c--
999 _c488586
_d488586